[Event "Ljubljana-chT 69th Superliga"]
[Site "Ljubljana"]
[Date "2016.03.03"]
[Round "5.3"]
[White "Ursic, Jakob"]
[Black "Jelen, Miha"]
[Result "1/2-1/2"]
[WhiteElo "1952"]
[BlackElo "1615"]
[PlyCount "76"]
[EventDate "2016.01.14"]
[EventType "team-tourn"]
[EventRounds "9"]
[EventCountry "SLO"]
[SourceTitle "EXT 2022"]
[Source "ChessBase"]
[SourceDate "2021.10.06"]
[SourceVersion "1"]
[SourceVersionDate "2021.10.06"]
[SourceQuality "1"]
[WhiteTeam "Crni Vitezi"]
[BlackTeam "Ig"]
[WhiteTeamCountry "SLO"]
[BlackTeamCountry "SLO"]

1. e4 c5 2. c3 d5 3. exd5 Qxd5 4. d4 Nc6 5. Nf3 Bg4 6. Be2 e6 7. 0-0 cxd4 8. cxd4 Nf6 9. Nc3 Qd7 10. Be3 Be7 11. h3 Bh5 12. Ne5 Bxe2 13. Qxe2 Nxe5 14. dxe5 Nd5 15. Qg4 Nxe3 16. Qxg7 0-0-0 17. fxe3 Qd2 18. Qxf7 Bc5 19. Qxe6+ Kb8 20. Rad1 Qxe3+ 21. Kh1 Rde8 22. Qd7 Qxe5 23. Rf7 Re7 24. Rxe7 Bxe7 25. Qd4 Bf6 26. Qxe5+ Bxe5 27. Rd7 Re8 28. g4 h6 29. Rh7 Bf4 30. Kg2 Bc1 31. b3 Bd2 32. Nd5 Bg5 33. Kg3 Rd8 34. Ne7 Rd3+ 35. Kg2 Rd2+ 36. Kf3 Rd3+ 37. Kg2 Rd2+ 38. Kf3 Rd3+ 1/2-1/2

[Event "SLO-chT2 West"]
[Site "Ljubljana"]
[Date "2014.11.09"]
[Round "9.5"]
[White "Ursic, Jakob"]
[Black "Sivcevic, Nusret"]
[Result "1-0"]
[WhiteElo "1952"]
[BlackElo "1843"]
[PlyCount "101"]
[EventDate "2014.10.17"]
[EventType "team-tourn"]
[EventRounds "9"]
[EventCountry "SLO"]
[SourceTitle "EXT 2019"]
[Source "ChessBase"]
[SourceDate "2018.10.10"]
[SourceVersion "1"]
[SourceVersionDate "2018.10.10"]
[SourceQuality "1"]
[WhiteTeam "Posocje"]
[BlackTeam "Ljubljana KC"]
[WhiteTeamCountry "SLO"]
[BlackTeamCountry "SLO"]

1. e4 e6 2. d4 b6 3. Nf3 Bb7 4. Bd3 c5 5. c3 Qc7 6. Nbd2 g6 7. e5 d5 8. Nf1 Nd7 9. Bg5 Be7 10. Bxe7 Nxe7 11. Ne3 h5 12. Ng5 cxd4 13. cxd4 Nxe5 14. dxe5 Qxe5 15. Qa4+ Kf8 16. Nf3 Qxb2 17. 0-0 Qf6 18. Rac1 e5 19. Ba6 Bxa6 20. Qxa6 e4 21. Nd2 Kg7 22. Rfd1 h4 23. h3 d4 24. Ng4 Qe6 25. Rc7 f5 26. Qb7 Rhe8 27. Nh2 Kf6 28. Nhf1 Reb8 29. Qa6 Nd5 30. Rxa7 Qc6 31. Rxa8 Rxa8 32. Qc4 Qxc4 33. Nxc4 d3 34. Rd2 b5 35. Nce3 Nc3 36. Rb2 f4 37. Ng4+ Kf5 38. Rb3 Ra5 39. Rxc3 b4 40. Rb3 Ra4 41. Rb2 Ke6 42. Nd2 Kd5 43. Nf6+ Kd4 44. Nfxe4 g5 45. f3 Ke3 46. Nc4+ Kd4 47. Ncd6 b3 48. axb3 Ra6 49. b4 Rxd6 50. Nxd6 Kc3 51. Rb1 1-0

[Event "SLO-chT2 West"]
[Site "Ljubljana"]
[Date "2014.10.17"]
[Round "1.5"]
[White "Bavec, Vinko"]
[Black "Ursic, Jakob"]
[Result "0-1"]
[WhiteElo "1644"]
[BlackElo "1952"]
[PlyCount "146"]
[EventDate "2014.10.17"]
[EventType "team-tourn"]
[EventRounds "9"]
[EventCountry "SLO"]
[SourceTitle "EXT 2019"]
[Source "ChessBase"]
[SourceDate "2018.10.10"]
[SourceVersion "1"]
[SourceVersionDate "2018.10.10"]
[SourceQuality "1"]
[WhiteTeam "Loska Dolina"]
[BlackTeam "Posocje"]
[WhiteTeamCountry "SLO"]
[BlackTeamCountry "SLO"]

1. d4 d5 2. Nf3 e6 3. g3 c5 4. Bg2 Nc6 5. c3 Nf6 6. 0-0 b6 7. Bg5 h6 8. Bxf6 Qxf6 9. e3 Bb7 10. Nbd2 Bd6 11. dxc5 Bxc5 12. Nb3 Bd6 13. Nbd4 Rc8 14. Qa4 a6 15. Nxc6 Rxc6 16. Qd4 Ke7 17. Qxf6+ Kxf6 18. Nd4 Rc7 19. Rfe1 h5 20. h3 g6 21. e4 dxe4 22. Bxe4 Bxe4 23. Rxe4 Rd8 24. Rae1 Bc5 25. Nf3 Rd3 26. Kg2 Rd5 27. h4 Kg7 28. R1e2 Be7 29. Rd4 Rxd4 30. Nxd4 Rd7 31. a3 Bf6 32. Nc2 Kf8 33. Ne3 Ke7 34. Nc2 Rd1 35. Ne3 Rd3 36. Nc4 b5 37. Ne3 Kd6 38. c4 Rb3 39. cxb5 axb5 40. Nd1 Rd3 41. Ne3 Bd4 42. Kf1 Rb3 43. Nd1 Kd5 44. Rc2 Ke4 45. Ke2 f6 46. Rc6 Kd5 47. Rc2 Ke4 48. Rc6 Bxb2 49. Rxe6+ Kf5 50. Re3 Rxe3+ 51. Nxe3+ Ke4 52. Nc2 Kd5 53. Kd3 g5 54. f3 gxh4 55. gxh4 f5 56. f4 Bc1 57. Nd4 Bxa3 58. Nxf5 Bc1 59. Ng3 Bxf4 60. Nxh5 Be5 61. Kc2 Kc4 62. Kd2 Kb3 63. Ke3 Kc2 64. Nf4 b4 65. Nd3 b3 66. Ke4 Bg7 67. h5 Bf8 68. Kd4 Bg7+ 69. Ke3 Kc3 70. Nf2 Bd4+ 71. Ke2 Bxf2 72. Kxf2 b2 73. h6 b1Q 0-1

[Event "Ljubljana-chT 67th"]
[Site "Gostovanja"]
[Date "2014.03.20"]
[Round "8.3"]
[White "Ursic, Jakob"]
[Black "Dolinar, Matic"]
[Result "1/2-1/2"]
[WhiteElo "1946"]
[BlackElo "1755"]
[PlyCount "108"]
[EventDate "2014.01.09"]
[EventType "team-tourn"]
[EventRounds "9"]
[EventCountry "SLO"]
[SourceTitle "EXT 2015"]
[Source "ChessBase"]
[SourceDate "2014.11.20"]
[SourceVersion "1"]
[SourceVersionDate "2014.11.20"]
[SourceQuality "1"]
[WhiteTeam "Crni Vitezi"]
[BlackTeam "Tomo Zupan Vzajemna"]
[WhiteTeamCountry "SLO"]
[BlackTeamCountry "SLO"]

1. e4 c5 2. c3 Nf6 3. e5 Nd5 4. d4 cxd4 5. Nf3 e6 6. cxd4 Nc6 7. Bc4 Nb6 8. Bb3 d6 9. Qe2 dxe5 10. dxe5 Bb4+ 11. Bd2 Bxd2+ 12. Nbxd2 Nd4 13. Nxd4 Qxd4 14. 0-0 Qxb2 15. Rfd1 0-0 16. Qe4 f5 17. exf6 Qxf6 18. Nf3 Kh8 19. Bc2 Qf5 20. Qb4 Qf6 21. Qg4 e5 22. Qh5 Bf5 23. Bxf5 Qxf5 24. Qxf5 Rxf5 25. Re1 Nc4 26. Rab1 Rb8 27. Rb5 g5 28. Nxe5 Re8 29. Ng6+ Kg7 30. Rxb7+ Rf7 31. Rxe8 Rxb7 32. Re7+ Rxe7 33. Nxe7 Kf6 34. Nc6 a6 35. Kf1 Ke6 36. Ke2 Kd6 37. Nb4 a5 38. Nc2 Kc5 39. Kf3 Nd2+ 40. Kg4 h6 41. h4 gxh4 42. f4 Kd5 43. Kxh4 Ke4 44. Kh5 Kxf4 45. Kxh6 Kg3 46. Ne1 Ne4 47. Kg6 Nc3 48. a3 Nb1 49. Nc2 Kxg2 50. Kf5 Kf2 51. Ke4 Ke2 52. Nd4+ Kd2 53. Nb3+ Kc3 54. Nxa5 Nxa3 1/2-1/2

[Event "Ljubljana-chT 67th"]
[Site "Gostovanja"]
[Date "2014.03.13"]
[Round "7.3"]
[White "Ursic, Jakob"]
[Black "Suhadolnik, Jernej"]
[Result "1-0"]
[WhiteElo "1946"]
[BlackElo "1928"]
[PlyCount "65"]
[EventDate "2014.01.09"]
[EventType "team-tourn"]
[EventRounds "9"]
[EventCountry "SLO"]
[SourceTitle "EXT 2015"]
[Source "ChessBase"]
[SourceDate "2014.11.20"]
[SourceVersion "1"]
[SourceVersionDate "2014.11.20"]
[SourceQuality "1"]
[WhiteTeam "Crni Vitezi"]
[BlackTeam "Podpec"]
[WhiteTeamCountry "SLO"]
[BlackTeamCountry "SLO"]

1. e4 Nf6 2. e5 Nd5 3. Bc4 e6 4. d4 d6 5. Nf3 Nc6 6. 0-0 Nb6 7. Bd3 Bd7 8. Nc3 dxe5 9. dxe5 Be7 10. Qe2 Nb4 11. Be4 N4d5 12. Rd1 Nxc3 13. bxc3 c6 14. a4 Qc7 15. c4 c5 16. a5 Na4 17. Bd2 Rb8 18. c3 b5 19. cxb5 Bxb5 20. c4 Bc6 21. Bc2 Nb2 22. Rdb1 Rb7 23. a6 Rb8 24. Bc3 Nxc4 25. Rxb8+ Qxb8 26. Qxc4 0-0 27. Rb1 Qa8 28. Qd3 g6 29. Ba5 c4 30. Qe3 Rc8 31. Bb4 Bd8 32. Qh6 Bb6 33. Ng5 1-0

[Event "Ljubljana-chT 67th"]
[Site "Gostovanja"]
[Date "2014.01.16"]
[Round "2.2"]
[White "Ursic, Jakob"]
[Black "Kobold, Andrej"]
[Result "1/2-1/2"]
[WhiteElo "1946"]
[BlackElo "1914"]
[PlyCount "67"]
[EventDate "2014.01.09"]
[EventType "team-tourn"]
[EventRounds "9"]
[EventCountry "SLO"]
[SourceTitle "EXT 2015"]
[Source "ChessBase"]
[SourceDate "2014.11.20"]
[SourceVersion "1"]
[SourceVersionDate "2014.11.20"]
[SourceQuality "1"]
[WhiteTeam "Crni Vitezi"]
[BlackTeam "Loka Pri Mengsu"]
[WhiteTeamCountry "SLO"]
[BlackTeamCountry "SLO"]

1. e4 c5 2. c3 d5 3. exd5 Qxd5 4. d4 e6 5. Nf3 Nc6 6. Be2 Nf6 7. 0-0 Bd7 8. c4 Qf5 9. Nc3 Nxd4 10. Nxd4 cxd4 11. Qxd4 Bc5 12. Qf4 Qxf4 13. Bxf4 Bd4 14. Rac1 e5 15. Bg3 Rc8 16. Rfe1 0-0 17. Bf3 Rfe8 18. b3 Bxc3 19. Rxc3 e4 20. Be2 Nd5 21. Rcc1 Nb4 22. Bd6 Nd3 23. Bxd3 exd3 24. Kf1 b5 25. c5 b4 26. Rxe8+ Rxe8 27. Re1 f6 28. Rxe8+ Bxe8 29. Ke1 Kf7 30. Kd2 Bb5 31. g3 Ke6 32. Bf8 Kf7 33. Bd6 Ke6 34. Bf8 1/2-1/2

[Event "SLO-chT2 West"]
[Site "Ljubljana"]
[Date "2013.11.17"]
[Round "9.5"]
[White "Bulatovic, Milorad"]
[Black "Ursic, Jakob"]
[Result "1/2-1/2"]
[WhiteElo "1912"]
[BlackElo "1972"]
[PlyCount "137"]
[EventDate "2013.11.08"]
[EventType "team"]
[EventRounds "9"]
[EventCountry "SLO"]
[SourceTitle "EXT 2015"]
[Source "ChessBase"]
[SourceDate "2014.11.20"]
[SourceVersion "1"]
[SourceVersionDate "2014.11.20"]
[SourceQuality "1"]
[WhiteTeam "Stari Mayr Kranj"]
[BlackTeam "Hidria Tolmin"]
[WhiteTeamCountry "SLO"]
[BlackTeamCountry "SLO"]

1. d4 d5 2. Nf3 e6 3. Bg5 Nf6 4. e3 Be7 5. Bb5+ Bd7 6. Bd3 c5 7. c3 Qb6 8. Qc1 Bb5 9. Bxb5+ Qxb5 10. Nbd2 Nbd7 11. Qc2 0-0 12. Ne5 Bd8 13. a4 Qa6 14. Nxd7 Nxd7 15. Bxd8 Rfxd8 16. Nf3 Rac8 17. h4 cxd4 18. exd4 Re8 19. Qe2 Qxe2+ 20. Kxe2 Rc6 21. Kd2 Rec8 22. a5 Kf8 23. Rhc1 Ke7 24. Kd3 Nf6 25. Ne5 R6c7 26. f3 Nd7 27. Ng4 Nf6 28. Ne3 Ne8 29. g4 Nd6 30. Ra4 Rc6 31. Re1 Kf8 32. Re2 Nc4 33. Nxc4 Rxc4 34. Ra3 g6 35. f4 Kg7 36. Re5 R4c6 37. Rb3 R8c7 38. f5 gxf5 39. gxf5 Kf6 40. fxe6 fxe6 41. h5 Rg7 42. Ke3 Rcc7 43. Rb5 Rg1 44. Kd3 Rg5 45. Rxg5 Kxg5 46. Rc5 Rd7 47. c4 Kxh5 48. b4 Kg4 49. b5 h5 50. Rc8 h4 51. c5 h3 52. Rg8+ Kf3 53. Rh8 Kg2 54. Ke3 Rg7 55. Kf4 h2 56. Ke5 h1Q 57. Rxh1 Kxh1 58. Kxe6 Kg2 59. Kxd5 Kf3 60. c6 bxc6+ 61. Kxc6 Rg6+ 62. Kc5 Ke4 63. d5 Rg5 64. b6 Rxd5+ 65. Kc6 axb6 66. axb6 Rd1 67. b7 Rc1+ 68. Kd7 Rb1 69. Kc7 1/2-1/2

[Event "SLO-chT2 West"]
[Site "Ljubljana"]
[Date "2013.11.08"]
[Round "1.5"]
[White "Ursic, Jakob"]
[Black "Janko, Roman"]
[Result "0-1"]
[WhiteElo "1972"]
[BlackElo "1817"]
[PlyCount "72"]
[EventDate "2013.11.08"]
[EventType "team"]
[EventRounds "9"]
[EventCountry "SLO"]
[SourceTitle "EXT 2015"]
[Source "ChessBase"]
[SourceDate "2014.11.20"]
[SourceVersion "1"]
[SourceVersionDate "2014.11.20"]
[SourceQuality "1"]
[WhiteTeam "Hidria Tolmin"]
[BlackTeam "Dolenjske Toplice"]
[WhiteTeamCountry "SLO"]
[BlackTeamCountry "SLO"]

1. e4 g6 2. d4 Nf6 3. Nc3 d6 4. Be3 Bg7 5. Qd2 0-0 6. Bh6 c6 7. Nf3 Bg4 8. Be2 Qc7 9. Bxg7 Kxg7 10. Qf4 Bxf3 11. Qxf3 Nbd7 12. 0-0 Rab8 13. Bd3 Qb6 14. Ne2 Qxb2 15. Rfb1 Qa3 16. Rb3 Qa5 17. a3 a6 18. Rab1 b5 19. g4 c5 20. c4 bxc4 21. Bxc4 Rxb3 22. Rxb3 cxd4 23. Nxd4 Ne5 24. Qe2 Nxc4 25. Qxc4 Qe1+ 26. Kg2 Nxg4 27. Rf3 Qxe4 28. Nf5+ gxf5 29. Qxe4 fxe4 30. Rg3 h5 31. h3 f5 32. hxg4 hxg4 33. Rb3 Rc8 34. Rb6 a5 35. Rb5 Rc5 36. Rb7 Kf6 0-1

[Event "SLO-chT2 West"]
[Site "Postojna"]
[Date "2009.11.06"]
[Round "6.5"]
[White "Ursic, Jakob"]
[Black "Hajna, Tadej"]
[Result "1-0"]
[WhiteElo "1996"]
[BlackElo "1955"]
[PlyCount "63"]
[EventDate "2009.10.23"]
[EventType "team-tourn"]
[EventRounds "9"]
[EventCountry "SLO"]
[SourceTitle "EXT 2010"]
[Source "ChessBase"]
[SourceDate "2010.11.25"]
[SourceVersion "1"]
[SourceVersionDate "2010.11.25"]
[SourceQuality "1"]
[WhiteTeam "Tolmin Hidria"]
[BlackTeam "Postojna"]
[WhiteTeamCountry "SLO"]
[BlackTeamCountry "SLO"]

1. e4 c5 2. c3 Nc6 3. d4 cxd4 4. cxd4 d5 5. exd5 Qxd5 6. Nf3 Bg4 7. Be2 Nf6 8. Nc3 Qd6 9. d5 Nb4 10. Nb5 Qc5 11. 0-0 Nbxd5 12. Qa4 Bd7 13. Ne5 Nb6 14. Nxd7 Nfxd7 15. Qe4 Nd5 16. Qxd5 Qxd5 17. Nc7+ Kd8 18. Nxd5 e6 19. Nc3 a6 20. Be3 Bb4 21. Rac1 Ke7 22. a3 Bd6 23. Ne4 Be5 24. Rc2 Rhd8 25. f4 Bf6 26. Nxf6 Nxf6 27. Rc7+ Rd7 28. Rxd7+ Nxd7 29. Rc1 Kd8 30. Bf3 Rb8 31. Ba7 Ra8 32. Bd4 1-0

[Event "SLO-chT2 West"]
[Site "Postojna"]
[Date "2009.10.25"]
[Round "4.5"]
[White "Bogataj, Tomaz"]
[Black "Ursic, Jakob"]
[Result "0-1"]
[WhiteElo "1628"]
[BlackElo "1996"]
[PlyCount "44"]
[EventDate "2009.10.23"]
[EventType "team-tourn"]
[EventRounds "9"]
[EventCountry "SLO"]
[SourceTitle "EXT 2010"]
[Source "ChessBase"]
[SourceDate "2010.11.25"]
[SourceVersion "1"]
[SourceVersionDate "2010.11.25"]
[SourceQuality "1"]
[WhiteTeam "Podpec"]
[BlackTeam "Tolmin Hidria"]
[WhiteTeamCountry "SLO"]
[BlackTeamCountry "SLO"]

1. d4 d5 2. c4 e6 3. e3 c5 4. Nf3 Nc6 5. Nc3 Nf6 6. a3 dxc4 7. Bxc4 cxd4 8. exd4 Be7 9. Bg5 0-0 10. Qd3 h6 11. h4 Nd5 12. Nxd5 exd5 13. Bb3 hxg5 14. hxg5 g6 15. Rh6 Bf5 16. Qe3 Re8 17. 0-0-0 Bf8 18. Rh8+ Kxh8 19. Rh1+ Kg8 20. Qf4 Bg7 21. g4 Re4 22. Qh2 Rxg4 0-1

[Event "SLO-chT U20"]
[Site "Nova Gorica"]
[Date "2009.08.24"]
[Round "5"]
[White "Ursic, Jakob"]
[Black "Kokol, Peter"]
[Result "0-1"]
[WhiteElo "1960"]
[BlackElo "2346"]
[PlyCount "104"]
[EventDate "2009.08.22"]
[EventType "team-tourn"]
[EventRounds "9"]
[EventCountry "SLO"]
[SourceTitle "CBM 132 Extra"]
[Source "ChessBase"]
[SourceDate "2009.11.03"]
[SourceVersion "1"]
[SourceVersionDate "2009.11.03"]
[SourceQuality "1"]

1. e4 c5 2. c3 Nf6 3. e5 Nd5 4. d4 cxd4 5. Nf3 d6 6. cxd4 Nc6 7. Bc4 e6 8. 0-0 Be7 9. Qe2 0-0 10. Re1 Kh8 11. Nc3 Nxc3 12. bxc3 d5 13. Bd3 Bd7 14. Qc2 g6 15. Bh6 Re8 16. g3 f5 17. h4 Rg8 18. Ng5 Qe8 19. Qd2 Bf8 20. Nh3 Bxh6 21. Qxh6 Qf8 22. Qxf8 Rgxf8 23. Rab1 Na5 24. Bb5 Bxb5 25. Rxb5 b6 26. Nf4 Rfe8 27. Kf1 Rac8 28. Rc1 Kg7 29. Ke2 Kf7 30. Kd3 Rc4 31. Rb4 Rc6 32. Ng2 Rec8 33. f4 Kg7 34. Ne3 Kh6 35. Rc2 Nc4 36. Nf1 Kh5 37. Rb3 Kg4 38. Rc1 Kf3 39. Rc2 a6 40. Rb4 a5 41. Rb3 b5 42. Rh2 a4 43. Rxb5 Ne3 44. Nxe3 Rxc3+ 45. Kd2 Rxe3 46. h5 Rcc3 47. Rb1 Red3+ 48. Ke1 Kxg3 49. Rbb2 Rxd4 50. Rbg2+ Kf3 51. Rf2+ Ke4 52. Re2+ Re3 0-1

[Event "SLO-chT U20"]
[Site "Nova Gorica"]
[Date "2009.08.23"]
[Round "3"]
[White "Ursic, Jakob"]
[Black "Bucar, Natasa"]
[Result "1/2-1/2"]
[WhiteElo "1960"]
[BlackElo "1988"]
[PlyCount "34"]
[EventDate "2009.08.22"]
[EventType "team-tourn"]
[EventRounds "9"]
[EventCountry "SLO"]
[SourceTitle "CBM 132 Extra"]
[Source "ChessBase"]
[SourceDate "2009.11.03"]
[SourceVersion "1"]
[SourceVersionDate "2009.11.03"]
[SourceQuality "1"]

1. e4 c5 2. c3 Nf6 3. e5 Nd5 4. d4 cxd4 5. cxd4 Nc6 6. Nf3 d6 7. Bc4 Nb6 8. Bb5 dxe5 9. Nxe5 Bd7 10. Nxd7 Qxd7 11. Nc3 e6 12. 0-0 Be7 13. Qg4 0-0 14. Bxc6 bxc6 15. Bh6 Bf6 16. Rfd1 Kh8 17. Ne4 Qe7 1/2-1/2

[Event "Nova Gorica op-B 14th"]
[Site "Nova Gorica"]
[Date "2009.02.05"]
[Round "6"]
[White "Ursic, Jakob"]
[Black "Savoia, Serge"]
[Result "1-0"]
[WhiteElo "1954"]
[BlackElo "1905"]
[PlyCount "133"]
[EventDate "2009.01.31"]
[EventType "swiss"]
[EventRounds "9"]
[EventCountry "SLO"]
[SourceTitle "EXT 2011"]
[Source "ChessBase"]
[SourceDate "2010.11.26"]
[SourceVersion "1"]
[SourceVersionDate "2010.11.26"]
[SourceQuality "1"]

1. e4 c6 2. d4 d5 3. exd5 Nf6 4. c4 Bg4 5. Qb3 Qd7 6. h3 Bh5 7. Nf3 Bxf3 8. Qxf3 cxd5 9. Nc3 e6 10. cxd5 exd5 11. Bb5 Nc6 12. 0-0 Be7 13. Bg5 0-0-0 14. Rac1 Kb8 15. Rfe1 Rhe8 16. Re2 a6 17. Bxc6 Qxc6 18. Rce1 Bd6 19. Bf4 Rxe2 20. Rxe2 Bxf4 21. Qxf4+ Qc7 22. Qg5 Qc4 23. Qxg7 Ne4 24. Qe5+ Ka7 25. Qe7 Rc8 26. Qd7 Nxc3 27. bxc3 Rc7 28. Qe8 Qxc3 29. Qe5 Qc4 30. Kh2 f6 31. Qe3 b5 32. Qd2 b4 33. Re1 a5 34. Qf4 Qc6 35. Qf5 Qd6+ 36. g3 Re7 37. Rxe7+ Qxe7 38. Qxd5 Kb6 39. Qf3 Kb5 40. Qd3+ Kb6 41. Qc4 Qd6 42. d5 Qc5 43. Qf4 Qxd5 44. Qxf6+ Kb5 45. Qb2 Qf3 46. Qc2 a4 47. Kg1 h5 48. Qc7 Qd1+ 49. Kh2 b3 50. Qb7+ Kc4 51. Qc7+ Kb4 52. Qe7+ Kc3 53. Qc5+ Kb2 54. axb3 axb3 55. Qe5+ Kc1 56. Qe3+ Kb1 57. Qe4+ Qc2 58. Qe1+ Kb2 59. g4 h4 60. g5 Qc7+ 61. Kg1 Qc1 62. Qxc1+ Kxc1 63. g6 b2 64. g7 b1Q 65. g8Q Kd2+ 66. Kh2 Qe4 67. Qg5+ 1-0

[Event "SLO-chT2 West"]
[Site "Kranj"]
[Date "2008.10.11"]
[Round "2.6"]
[White "Kralj, Samo"]
[Black "Ursic, Jakob"]
[Result "0-1"]
[WhiteElo "1638"]
[BlackElo "1946"]
[PlyCount "120"]
[EventDate "2008.10.11"]
[EventType "team-swiss"]
[EventRounds "9"]
[EventCountry "SLO"]
[SourceTitle "EXT 2010"]
[Source "ChessBase"]
[SourceDate "2010.11.25"]
[SourceVersion "1"]
[SourceVersionDate "2010.11.25"]
[SourceQuality "1"]
[WhiteTeam "Komenda Popotnik"]
[BlackTeam "Hidria Tolmin"]
[WhiteTeamCountry "SLO"]
[BlackTeamCountry "SLO"]

1. e4 e5 2. Nf3 Nc6 3. Bc4 Bc5 4. Nc3 d6 5. d3 Be6 6. Bb3 Qd7 7. Be3 Bb6 8. d4 Bg4 9. dxe5 Nxe5 10. Nxe5 dxe5 11. Qxd7+ Bxd7 12. Bxb6 axb6 13. 0-0-0 Nf6 14. f3 b5 15. Nd5 Nxd5 16. Bxd5 f6 17. a3 c6 18. Bf7+ Ke7 19. Bb3 Rhd8 20. Rhe1 b4 21. axb4 Ra1+ 22. Kd2 Bh3+ 23. Ke2 Raxd1 24. Rxd1 Rxd1 25. Kxd1 Bxg2 26. Ke2 Bh3 27. Bc4 Be6 28. Bd3 b5 29. Ke3 Kf7 30. b3 Kg6 31. c4 Bd7 32. f4 Kh5 33. fxe5 fxe5 34. Kf3 Kh4 35. Bf1 h6 36. Kf2 Kg4 37. Ke3 Be8 38. Bg2 Bd7 39. Bf1 g6 40. Bg2 Kh4 41. Bf1 g5 42. Bg2 Bh3 43. cxb5 cxb5 44. Bf3 Be6 45. Be2 Kh3 46. Bxb5 Kxh2 47. Bf1 g4 48. b5 g3 49. Kf3 h5 50. b6 Bc8 51. b4 h4 52. b7 Bxb7 53. Kg4 h3 54. Bxh3 Bc8+ 55. Kf3 Bxh3 56. b5 g2 57. b6 g1Q 58. b7 Qg3+ 59. Ke2 Bg4+ 60. Kd2 Qb3 0-1

[Event "SLO-chT U20 17th"]
[Site "Murska Sobota"]
[Date "2008.08.29"]
[Round "6.1"]
[White "Zupancic, Jernej"]
[Black "Ursic, Jakob"]
[Result "1-0"]
[WhiteElo "2014"]
[BlackElo "1929"]
[PlyCount "97"]
[EventDate "2008.08.30"]
[EventType "team-tourn"]
[EventRounds "7"]
[EventCountry "SLO"]
[SourceTitle "EXT 2010"]
[Source "ChessBase"]
[SourceDate "2010.11.25"]
[SourceVersion "1"]
[SourceVersionDate "2010.11.25"]
[SourceQuality "1"]
[WhiteTeam "Krka Novo Mesto"]
[BlackTeam "Hidria Tolmin"]
[WhiteTeamCountry "SLO"]
[BlackTeamCountry "SLO"]

1. Nf3 Nf6 2. d4 d5 3. g3 Bf5 4. Bg2 e6 5. 0-0 c5 6. c4 dxc4 7. Qa4+ Qd7 8. Qxc4 Nc6 9. dxc5 Be7 10. Bf4 0-0 11. Nc3 Rad8 12. b4 a6 13. Qb3 Qc8 14. a3 Nd5 15. Nxd5 exd5 16. Rad1 Qe6 17. e3 Qg6 18. Rd2 Be4 19. Nd4 Nxd4 20. exd4 Bxg2 21. Kxg2 Bg5 22. Bxg5 Qxg5 23. Re2 Rfe8 24. Rfe1 Rxe2 25. Rxe2 h6 26. Qe3 Qg4 27. Qe7 Rd7 28. Qe8+ Kh7 29. h3 Qf5 30. g4 Qd3 31. Re3 Qb5 32. a4 Qc6 33. b5 Qc7 34. Qe5 Qd8 35. Qf5+ Kg8 36. Qd3 a5 37. Qd2 Kf8 38. b6 Qa8 39. Qc2 Kg8 40. Qe2 Kf8 41. Qb5 Rd8 42. Qb1 Kg8 43. Re7 Kf8 44. Rc7 g6 45. Qc1 Kg8 46. Qf4 Rf8 47. Qe5 Qa6 48. Qxd5 Qe2 49. Qxb7 1-0

[Event "Nova Gorica op-B 13th"]
[Site "Nova Gorica"]
[Date "2008.01.27"]
[Round "3"]
[White "Omerzel, Nikola"]
[Black "Ursic, Jakob"]
[Result "0-1"]
[WhiteElo "1743"]
[BlackElo "1926"]
[PlyCount "56"]
[EventDate "2008.01.26"]
[EventType "swiss"]
[EventRounds "9"]
[EventCountry "SLO"]
[SourceTitle "EXT 2010"]
[Source "ChessBase"]
[SourceDate "2010.11.25"]
[SourceVersion "1"]
[SourceVersionDate "2010.11.25"]
[SourceQuality "1"]

1. e4 e5 2. Nf3 Nc6 3. d4 exd4 4. Nxd4 Nf6 5. Nxc6 bxc6 6. Bd3 Be7 7. Nc3 d5 8. 0-0 dxe4 9. Nxe4 0-0 10. Qe2 Re8 11. Be3 Bb7 12. Rad1 Qc8 13. f3 Nd5 14. g4 Nxe3 15. Qxe3 Qe6 16. b3 Qe5 17. Qf2 c5 18. Qg3 Qd4+ 19. Qf2 Qb4 20. Kg2 a5 21. Qd2 Qb6 22. Qf2 Qg6 23. Ng3 Qxg4 24. Kh1 Bd6 25. Be4 Bxe4 26. Nxe4 Qf4 27. Qg2 Re6 28. Nxd6 cxd6 0-1

[Event "SLO-chT2"]
[Site "Ljubljana"]
[Date "2007.11.24"]
[Round "7.3"]
[White "Ursic, Jakob"]
[Black "Marinc, Damir"]
[Result "1-0"]
[WhiteElo "1908"]
[BlackElo "2027"]
[PlyCount "77"]
[EventDate "2007.11.15"]
[EventType "team"]
[EventRounds "9"]
[EventCountry "SLO"]
[SourceTitle "CBM 121 Extra"]
[Source "ChessBase"]
[SourceDate "2008.01.10"]
[SourceVersion "1"]
[SourceVersionDate "2008.01.10"]
[SourceQuality "1"]
[WhiteTeam "Tolmin"]
[BlackTeam "Kocevje"]
[WhiteTeamCountry "SLO"]
[BlackTeamCountry "SLO"]

1. e4 e6 2. d3 d5 3. Nd2 c5 4. Ngf3 Nc6 5. g3 Nf6 6. Bg2 Be7 7. 0-0 d4 8. e5 Nd7 9. Re1 Qc7 10. Qe2 h6 11. Nf1 b5 12. h4 Bb7 13. N1h2 Nb6 14. h5 Nb4 15. a3 N4d5 16. Nd2 Bc6 17. Nhf3 Na4 18. Ne4 Rb8 19. Rb1 b4 20. Bd2 Rb6 21. axb4 Nxb4 22. b3 Nxc2 23. bxa4 Nxe1 24. Qxe1 Rxb1 25. Qxb1 Bxe4 26. dxe4 0-0 27. Qc1 Kh7 28. g4 Rd8 29. g5 Bf8 30. Qc4 Qb7 31. g6+ Kg8 32. Bh3 Qxe4 33. gxf7+ Kh8 34. Kg2 Qc6 35. Bxe6 Rb8 36. Bd5 Qd7 37. e6 Qe7 38. Ne5 Rb1 39. Ng6+ 1-0

[Event "SLO-chT2"]
[Site "Ljubljana"]
[Date "2007.11.24"]
[Round "8.4"]
[White "Ursic, Jakob"]
[Black "Turicnik, Vlado"]
[Result "1/2-1/2"]
[WhiteElo "1908"]
[BlackElo "2020"]
[PlyCount "78"]
[EventDate "2007.11.15"]
[EventType "team"]
[EventRounds "9"]
[EventCountry "SLO"]
[SourceTitle "CBM 121 Extra"]
[Source "ChessBase"]
[SourceDate "2008.01.10"]
[SourceVersion "1"]
[SourceVersionDate "2008.01.10"]
[SourceQuality "1"]
[WhiteTeam "Tolmin"]
[BlackTeam "Kranj Stari Mayr"]
[WhiteTeamCountry "SLO"]
[BlackTeamCountry "SLO"]

1. e4 c5 2. c3 Nf6 3. e5 Nd5 4. d4 cxd4 5. cxd4 e6 6. Bc4 Nb6 7. Bb3 Nc6 8. Nf3 d6 9. 0-0 dxe5 10. dxe5 Qxd1 11. Rxd1 Bd7 12. Nc3 Na5 13. Be3 Nbc4 14. Ba4 Bxa4 15. Nxa4 Nxe3 16. fxe3 Be7 17. b3 Nc6 18. Rac1 Rd8 19. Rxd8+ Kxd8 20. Kf2 Kd7 21. Ke2 b6 22. Nc3 a6 23. Ne4 Rd8 24. Rd1+ Kc7 25. Rxd8 Nxd8 26. Nd4 Nc6 27. Nxc6 Kxc6 28. Nd2 Kd5 29. Kd3 b5 30. Nf3 h6 31. e4+ Kc5 32. Kc3 g6 33. Ne1 b4+ 34. Kd3 Bg5 35. Nf3 Bc1 36. Kc2 Bf4 37. g3 Be3 38. Kd3 Bc1 39. Kc2 Be3 1/2-1/2

[Event "SLO-chT2"]
[Site "Ljubljana"]
[Date "2007.11.23"]
[Round "6.3"]
[White "Marinsek, Tomaz"]
[Black "Ursic, Jakob"]
[Result "1/2-1/2"]
[WhiteElo "2196"]
[BlackElo "1908"]
[PlyCount "47"]
[EventDate "2007.11.15"]
[EventType "team"]
[EventRounds "9"]
[EventCountry "SLO"]
[SourceTitle "CBM 121 Extra"]
[Source "ChessBase"]
[SourceDate "2008.01.10"]
[SourceVersion "1"]
[SourceVersionDate "2008.01.10"]
[SourceQuality "1"]
[WhiteTeam "Trebnje BMP"]
[BlackTeam "Tolmin"]
[WhiteTeamCountry "SLO"]
[BlackTeamCountry "SLO"]

1. e4 e5 2. Nf3 Nc6 3. Bb5 Bc5 4. c3 Nge7 5. d4 exd4 6. cxd4 Bb4+ 7. Nc3 d5 8. 0-0 0-0 9. exd5 Nxd5 10. Qb3 Nxc3 11. bxc3 Be6 12. c4 Nxd4 13. Nxd4 Qxd4 14. Qxb4 Qxa1 15. Bb2 Qxa2 16. Qc3 f6 17. Ra1 Rfd8 18. h3 Rd3 19. Qxd3 Qxb2 20. Rxa7 Qc1+ 21. Kh2 Qf4+ 22. Kg1 Qc1+ 23. Kh2 Qf4+ 24. Kg1 1/2-1/2